00420nam a2200157Ia 450000500170000000800410001704000190005804100120007708200130008910000250010224500660012726000300019330000100022365000190023385000100025220240723102403.0131103s9999 xx 000 0 und d aLoreto College aEnglish a821bTAG aTagore, Rabindranath 4aThe herald of springb poems from mohua cRabindranath Tagore aLondonbJohn Murrayc1957 a83p.  aEnglish poetry aLCBED